Score 0/30 Timer 08:00
0 Plays Today
% Correct
Amelie
87.9%
Seven Samurai
87.1%
Das Boot
82.1%
Pan's Labyrinth
79.7%
The Girl with the Dragon Tattoo
77.3%
Parasite
76.9%
Nosferatu
75.6%
Life is Beautiful
75.2%
Battleship Potemkin
74.4%
City of God
68.8%
Crouching Tiger, Hidden Dragon
68.7%
The Lives of Others
64.7%
The Seventh Seal
62.2%
Metropolis
61.9%
Roma
61.7%
% Correct
Good Bye Lenin!
61.2%
Spirited Away
58.7%
The Raid: Redemption
54.7%
Oldboy
53.3%
Akira
51.6%
My Neighbor Totoro
51.2%
3 Idiots
44.9%
Baahubali: The Beginning
44.5%
Waltz with Bashir
41.2%
The Intouchables
41%
Ip Man
37.1%
Wolf Warrior 2
26.2%
Dangal
22.1%
Udaan
16.7%
The Hunt
15.5%
Remove Ads.
Support Sporcle.
Get the best of Sporcle when you Go Orange. This ad-free experience offers more features, more stats, and more fun while also helping to support Sporcle. Thank you for becoming a member.

You're not logged in!

Compare scores with friends on all Sporcle quizzes.
OR
Log In

Show Comments

Extras

Top Quizzes Today


Score Distribution

Your Account Isn't Verified!

In order to create a playlist on Sporcle, you need to verify the email address you used during registration. Go to your Sporcle Settings to finish the process.

Report this User

Report this user for behavior that violates our Community Guidelines.

Details: